Servei d'Informació Econòmica Municipal : 1985 1985
MARC
| LEADER | 00000nam a2200000Ia 4500 | ||
|---|---|---|---|
| 001 | 22707, 22708, 22709, 22710 | ||
| 003 | Arxiu | ||
| 005 | 20260324181509.0 | ||
| 008 | 160829s1985 spc xx s cat c | ||
| 040 | |a AGDB | ||
| 080 | |a FU-57-41, FU-57-42, M-6-357, FU-57-43 | ||
| 080 | |a FU-57-40 | ||
| 110 | 1 | |a Barcelona (Catalunya : Província). |b Servei d'Informació Econòmica Municipal |9 52724 | |
| 245 | 1 | 0 | |a Servei d'Informació Econòmica Municipal : |b 1985 |
| 260 | |a Barcelona : |b Diputació de Barcelona : |b CEP, Centre d'Estudis de Planificació, |c 1985 | ||
| 300 | |a 5 volums ; |c 29 cm | ||
| 590 | |a Conté: Volum 1: Resultats trimestrals, quart trimestre, grup 2; vol. 2: Resultats trimestrals, quart trimestre, grup 4; vol. 3: Resultats anuals, grup 2; vol. 4: Resultats anuals, grup 4 | ||
| 650 | 0 | |a Finances municipals |z Barcelona (Província) |9 20808 | |
| 700 | |a Centre d'Estudis de Planificació |9 35043 | ||
| 710 | 1 | |a Barcelona (Catalunya : Província). |b Diputació |e entitat editora |9 52408 | |
| 901 | |a Arxiu | ||
| 942 | |n 1 |2 udc |c ARXIU | ||
| 952 | |0 0 |1 0 |4 0 |7 1 |9 49980 |a Arxiu |b Arxiu |d 2023-04-13 |h Resultats anuals grup 2 |o M-6-357 |p 22709 |r 2016-12-01 00:00:00 |w 2016-12-01 |y ARXIU | ||
| 952 | |0 0 |1 0 |4 0 |7 1 |9 49983 |a Arxiu |b Arxiu |d 2023-04-13 |h Proposta de desenvolupament 1985 |o FU-57-40 |p 22706 |r 2016-12-01 00:00:00 |w 2016-12-01 |y ARXIU | ||
| 952 | |0 0 |1 0 |4 0 |7 1 |9 66098 |a Arxiu |b Arxiu |d 2023-04-13 |h Resultats trimestrals, quart trimestre 1985 grup 2 |o FU-57-41 |p 22707 |r 2023-04-13 00:00:00 |w 2023-04-13 |y ARXIU | ||
| 952 | |0 0 |1 0 |4 0 |7 1 |9 66099 |a Arxiu |b Arxiu |d 2023-04-13 |h Resultats trimestrals, quart trimestre 1985 grup 4 |o FU-57-42 |p 22708 |r 2023-04-13 00:00:00 |w 2023-04-13 |y ARXIU | ||
| 952 | |0 0 |1 0 |4 0 |7 1 |9 66100 |a Arxiu |b Arxiu |d 2023-04-13 |h Resultats anuals grup 4 |o FU-57-43 |p 22710 |r 2023-04-13 00:00:00 |w 2023-04-13 |y ARXIU | ||
| 999 | |c 53822 |d 53822 | ||